| 000 | 01333cam a2200337 a 4500 | ||
|---|---|---|---|
| 001 | 1812 | ||
| 003 | FISKH | ||
| 005 | 20231004075947.0 | ||
| 008 | 090424s2010 nyua j b 001 0 eng | ||
| 010 | _a 2009017524 | ||
| 020 | _a9780531205815 (hardcover) | ||
| 020 | _a9780531212448 (softcover) | ||
| 040 |
_aDLC _cDLC _dDLC _beng |
||
| 043 | _an-us-ca | ||
| 050 | 0 | 0 |
_aF865 _b.F83 2010 |
| 082 | 0 | 0 |
_a979.4/04 _222 |
| 100 | 1 |
_aFriedman, Mel, _d1946- |
|
| 245 | 1 | 4 |
_aThe California Gold Rush / _cby Mel Friedman. |
| 260 |
_aNew York : _bScholastic, _c2010. |
||
| 300 |
_a48 pages : _bcolor illustrations ; _c23 cm. |
||
| 490 | 0 | _aA true book | |
| 505 | 0 | _aZ | |
| 520 | _aDiscover the brief, brutal period of U.S. history known as the gold rush. Characterized by hope, greed, enterprise and thug rule, the gold rush transformed life in America--and began in January, 1848, with James Marshall's accidental discovery of gold in California. | ||
| 521 | 8 |
_a900
_bLexile |
|
| 521 | 8 |
_aZ
_bRaz-Plus |
|
| 651 | 0 |
_aCalifornia _xGold discoveries _vJuvenile literature. |
|
| 651 | 0 |
_aCalifornia _xHistory _y1846-1850 _vJuvenile literature. |
|
| 906 |
_a7 _bcbc _corignew _d1 _eecip _f20 _gy-gencatlg |
||
| 942 |
_2ddc _cBK _n0 |
||
| 999 |
_c1812 _d1812 |
||